[Event "GER-ch U12"]
[Site "Willingen"]
[Date "2017.06.04"]
[Round "1"]
[White "Pubantz, Jan"]
[Black "Mailitis, Ricardo"]
[Result "1-0"]
[WhiteElo "1928"]
[BlackElo "1633"]
[PlyCount "35"]
[EventDate "2017.06.04"]
[EventType "swiss"]
[EventRounds "11"]
[EventCountry "GER"]
[SourceTitle "CBM 178 Extra"]
[Source "ChessBase"]
[SourceDate "2017.06.22"]
[SourceVersion "1"]
[SourceVersionDate "2017.06.22"]
[SourceQuality "1"]

1. d4 Nf6 2. c4 b6 3. Nc3 Bb7 4. f3 e6 5. e4 c5 6. d5 exd5 7. cxd5 d6 8. Bc4 Nbd7 9. f4 Qe7 10. Qe2 g6 11. Nf3 Bg7 12. 0-0 Nh5 13. Re1 0-0 14. e5 Rae8 15. g4 Nxf4 16. Bxf4 dxe5 17. Bg5 f6 18. d6+ 1-0

[Event "GER-ch U10"]
[Site "Willingen"]
[Date "2015.05.29"]
[Round "9"]
[White "Mailitis, Ricardo"]
[Black "Weihrauch, Jakob"]
[Result "1/2-1/2"]
[WhiteElo "1370"]
[BlackElo "1594"]
[PlyCount "81"]
[EventDate "2015.05.24"]
[EventType "swiss"]
[EventRounds "11"]
[EventCountry "GER"]
[SourceTitle "CBM 166 Extra"]
[Source "ChessBase"]
[SourceDate "2015.06.18"]
[SourceVersion "1"]
[SourceVersionDate "2015.06.18"]
[SourceQuality "1"]

1. e4 d5 2. exd5 Qxd5 3. Nc3 Qd6 4. d4 Nf6 5. Nf3 a6 6. g3 Bg4 7. Bg2 Nc6 8. Bf4 Qd7 9. 0-0 0-0-0 10. Be3 e6 11. Ne2 h6 12. c3 Nd5 13. Bd2 g5 14. b4 Nb6 15. a4 Nc4 16. b5 Nb8 17. Rb1 a5 18. Ne1 Bf5 19. Rb3 e5 20. Nc2 Be6 21. Rb1 Bd5 22. Ne3 Bxg2 23. Kxg2 Nxe3+ 24. Bxe3 Qe6 25. Qb3 Qxb3 26. Rxb3 Bg7 27. dxe5 Bxe5 28. Bd4 Rhe8 29. Bxe5 Rxe5 30. Nd4 g4 31. Rbb1 Nd7 32. Rfe1 Rde8 33. Rxe5 Rxe5 34. Kf1 Nc5 35. Ra1 Ne4 36. Rc1 Kd7 37. c4 Kd6 38. Nb3 Nc5 39. Rd1+ Ke7 40. Nxa5 Ke8 41. Rd2 1/2-1/2

[Event "GER-ch U10"]
[Site "Willingen"]
[Date "2015.05.24"]
[Round "1"]
[White "Volk, Oskar"]
[Black "Mailitis, Ricardo"]
[Result "0-1"]
[WhiteElo "1078"]
[BlackElo "1370"]
[PlyCount "135"]
[EventDate "2015.05.24"]
[EventType "swiss"]
[EventRounds "11"]
[EventCountry "GER"]
[SourceTitle "CBM 166 Extra"]
[Source "ChessBase"]
[SourceDate "2015.06.18"]
[SourceVersion "1"]
[SourceVersionDate "2015.06.18"]
[SourceQuality "1"]

1. e4 e5 2. f4 Qh4+ 3. g3 Qe7 4. d3 exf4 5. Bxf4 d6 6. Nf3 Nc6 7. Nc3 Nf6 8. Be2 Bd7 9. Qd2 0-0-0 10. 0-0-0 h6 11. Be3 Re8 12. Nd4 Nxd4 13. Bxd4 a6 14. Rhe1 Qd8 15. Bg1 Be7 16. Qe3 b6 17. d4 Kb7 18. Qd3 Qa8 19. e5 Ng8 20. exd6 Bxd6 21. Bf3+ c6 22. d5 c5 23. Ne4 Qb8 24. Nxd6+ Qxd6 25. Rxe8 Bxe8 26. Re1 Bb5 27. c4 Bd7 28. Qc3 Nf6 29. Qe5 Ne8 30. Qxd6 Nxd6 31. Re7 Kc7 32. b3 Re8 33. Rxe8 Bxe8 34. h4 Nf5 35. Bf2 Kd6 36. g4 Ne7 37. Bg3+ Kd7 38. d6 Nc8 39. g5 Nxd6 40. Bg4+ Kc7 41. gxh6 gxh6 42. Bf4 f5 43. Bxf5 h5 44. Be4 Kd7 45. Bd5 Nf5 46. Bg5 Kd6 47. Kd2 Ke5 48. Kd3 Bg6 49. Be4 Nxh4 50. Bxh4 Bxe4+ 51. Ke3 Bb1 52. a3 Ba2 53. Bg3+ Kf5 54. Bc7 b5 55. cxb5 axb5 56. a4 c4 57. axb5 cxb3 58. b6 b2 59. b7 b1Q 60. b8Q Qe4+ 61. Kd2 Qd4+ 62. Kc2 Qf2+ 63. Kc3 Qe1+ 64. Kd4 Qd2+ 65. Kc5 Qc3+ 66. Kd6 Qa3+ 67. Kd7 Be6+ 68. Kd8 0-1

[Event "Karl Mala Memorial op-B 17th"]
[Site "Frankfurt"]
[Date "2014.08.03"]
[Round "7"]
[White "Mailitis, Ricardo"]
[Black "Schwarz, Daniel"]
[Result "1/2-1/2"]
[WhiteElo "1184"]
[BlackElo "1418"]
[PlyCount "100"]
[EventDate "2014.07.31"]
[EventType "swiss"]
[EventRounds "7"]
[EventCountry "GER"]
[SourceTitle "EXT 2015"]
[Source "ChessBase"]
[SourceDate "2014.11.20"]
[SourceVersion "1"]
[SourceVersionDate "2014.11.20"]
[SourceQuality "1"]

1. e4 e5 2. Nf3 Nc6 3. d4 exd4 4. Nxd4 Bc5 5. Be3 d6 6. Nxc6 bxc6 7. Bxc5 dxc5 8. Qxd8+ Kxd8 9. Nc3 Nf6 10. 0-0-0+ Ke7 11. Bc4 Re8 12. h3 Kf8 13. Rhe1 Be6 14. Bxe6 Rxe6 15. f4 Rae8 16. e5 Nh5 17. Rf1 Ng3 18. Rf3 Nf5 19. Ne2 f6 20. g4 Nh6 21. Rd7 fxe5 22. fxe5+ Kg8 23. Ng3 Rxe5 24. Rxc7 Rd8 25. b3 Ra8 26. Rxc6 Nf7 27. Rc3 Ng5 28. h4 Ne6 29. Nf5 g6 30. Re3 Rxe3 31. Nxe3 Kf7 32. Nd5 Rd8 33. Nc7 Nxc7 34. Rxc7+ Kg8 35. Rxc5 Rd4 36. Rg5 Kf7 37. Kb2 h6 38. Ra5 Rxg4 39. Rxa7+ Kf6 40. c4 Rxh4 41. c5 Ke6 42. Ra8 Kd7 43. c6+ Kc7 44. a4 g5 45. Rg8 Kxc6 46. Rg6+ Kc5 47. a5 Rh2+ 48. Ka3 Rh1 49. a6 Ra1+ 50. Kb2 Ra5 1/2-1/2

[Event "Karl Mala Memorial op-B 17th"]
[Site "Frankfurt"]
[Date "2014.08.02"]
[Round "4"]
[White "Hinrichs, Paul"]
[Black "Mailitis, Ricardo"]
[Result "1-0"]
[WhiteElo "1552"]
[BlackElo "1184"]
[PlyCount "115"]
[EventDate "2014.07.31"]
[EventType "swiss"]
[EventRounds "7"]
[EventCountry "GER"]
[SourceTitle "EXT 2015"]
[Source "ChessBase"]
[SourceDate "2014.11.20"]
[SourceVersion "1"]
[SourceVersionDate "2014.11.20"]
[SourceQuality "1"]

1. d4 c5 2. d5 d6 3. c4 e5 4. Nc3 Be7 5. e4 Nd7 6. Bd3 Bg5 7. Nf3 Bxc1 8. Qxc1 Ndf6 9. Qg5 Kf8 10. h3 Ne7 11. Qe3 Ng6 12. a3 Nf4 13. Rg1 Ke7 14. 0-0-0 Re8 15. Ne2 Nxe2+ 16. Bxe2 Kf8 17. Nd2 Bd7 18. g4 Rb8 19. g5 Ng8 20. Bg4 b5 21. Bxd7 Qxd7 22. b3 a5 23. cxb5 Qxb5 24. a4 Qb4 25. Kc2 Ne7 26. Nc4 Red8 27. Qc3 Ra8 28. Qxb4 cxb4 29. Kb2 Ng6 30. Rg3 Nf4 31. Rd2 Ke7 32. Rc2 Rdc8 33. Rd2 Rd8 34. h4 g6 35. Ne3 Nh5 36. Rg1 Rdc8 37. Nc4 Rd8 38. Kc1 Nf4 39. Kd1 Rdb8 40. Rc2 Rc8 41. Kd2 Nh3 42. Rf1 Nf4 43. Ke3 Nh5 44. f3 Rcb8 45. Rfc1 Ra7 46. Nd2 Kd7 47. Rc6 Nf4 48. Nc4 Ke7 49. Nxd6 Rd7 50. Nc4 Nxd5+ 51. exd5 Rxd5 52. Nb6 Rdd8 53. Rc7+ Ke6 54. R1c6+ Rd6 55. Nc4 Rxc6 56. Rxc6+ Kd5 57. Ra6 Rc8 58. Rxa5+ 1-0

[Event "Karl Mala Memorial op-B 17th"]
[Site "Frankfurt"]
[Date "2014.07.31"]
[Round "1"]
[White "Mailitis, Ricardo"]
[Black "Kuenitz, Klaus"]
[Result "1-0"]
[WhiteElo "1184"]
[BlackElo "1604"]
[PlyCount "83"]
[EventDate "2014.07.31"]
[EventType "swiss"]
[EventRounds "7"]
[EventCountry "GER"]
[SourceTitle "EXT 2015"]
[Source "ChessBase"]
[SourceDate "2014.11.20"]
[SourceVersion "1"]
[SourceVersionDate "2014.11.20"]
[SourceQuality "1"]

1. e4 e6 2. Nf3 d5 3. exd5 exd5 4. d4 Bg4 5. Nc3 Nf6 6. Be2 Qd7 7. Bg5 Be7 8. 0-0 0-0 9. Qd3 Bf5 10. Qd2 Ne4 11. Nxe4 dxe4 12. Ne5 Bxg5 13. Nxd7 Bxd2 14. Nxf8 Kxf8 15. Rad1 e3 16. c3 exf2+ 17. Kxf2 Bh6 18. Kg1 Bc2 19. Bf3 c6 20. Rde1 Nd7 21. d5 cxd5 22. Bxd5 Nf6 23. Bc4 a6 24. Be2 Re8 25. Bf3 Be4 26. Bxe4 Rxe4 27. Rxe4 Nxe4 28. Re1 f5 29. g3 g6 30. Kg2 Ke7 31. Kf3 Kf6 32. g4 Nd2+ 33. Kg3 f4+ 34. Kg2 Kg5 35. h3 Kh4 36. Re7 f3+ 37. Kf2 Bf8 38. Rxh7+ Kg5 39. Rc7 Bc5+ 40. Rxc5+ Kh4 41. Rd5 Ne4+ 42. Kxf3 1-0